Normal view
MARC view
- Teoría del conocimiento (Religión)
Entry Materia
001 - NÚMERO DE CONTROL DEL REGISTRO
- campo de control: 12090
003 - IDENTIFICADOR DE NUMERO DE CONTROL
- campo de control: UPN
005 - FECHA Y HORA DE LA ÚLTIMA TRANSACCIÓN
- campo de control: 20230201131700.0
008 - DATOS DE LONGITUD FIJA
- campo de control de longitud fija: 230201n||acnnnbabn a ana |d
035 ## - NÚMERO DE CONTROL DEL SISTEMA
- Número de control del sistema: UPN10000012097
040 ## - FUENTE DE LA CATALOGACIÓN
- Centro catalogador de origen: UPN
- Lengua de catalogación: spa
- Agencia de transcripción: UPN
046 ## - FECHAS CON CODIFICACIÓN ESPECIAL
- Fecha final para contenidos agregados: 2023
150 ## - ENCABEZAMIENTO - TEMÁTICO
- Término de materia o nombre geográfico como elemento inicial: Teoría del conocimiento (Religión)
450 ## - VÉASE - MATERIA
- Encabezamiento temático: Conocimiento, Teoría del (Religión)
450 ## - VÉASE - MATERIA
- Encabezamiento temático: Teoría del conocimiento religioso
450 ## - VÉASE - MATERIA
- Encabezamiento temático: Conocimiento religioso, Teoría del
550 ## - VÉASE ADEMÁS - MATERIA
- Subcampo de control: g
- Encabezamiento temático o nombre geográfico como elemento de entrada: Religión -- Filosofía
670 ## - FUENTE EN LA QUE SE LOCALIZARON DATOS
- Cita de la fuente: DGB UNAM, 1 de febrero de 2023:
- Información localizada: (Teoría del conocimiento (Religión))
902 ## - CATALOGADOR
- Catalogador: MCM/020398
